Statistics for Top 50 male singers

Click here to take the quiz!

General Stats

  • This quiz has been taken 206 times
    (195 since last reset)
  • The average score is 17 of 50

Answer Stats

HintAnswer% Correct
Rocket man/Tiny dancerElton John
79%
A team/thinking out loudEd Sheeran
78%
Dirty Diana/PYT/BadMichael Jackson
74%
The monster/Lose yourselfEminem
70%
Empire State of mind/Holy grailJay Z
67%
Mirrors/Holy grailJustin Timberlake
65%
Treasure/Lazy longBruno Mars
64%
Take care/Hotline blingDrake
64%
All of the lights/Gold DiggerKanye West
63%
All of meJohn Legend
61%
Timber/International lovePitbull
54%
OMG/ScreamUsher
54%
Titanium/Play hardDavid Guetta
51%
Hey brother/Wake me upAvicii
48%
Want to want me/TrumpetsJason Derulo
44%
Locked away/SugarAdam Levine
43%
OMG/Where is the love/The timeWill.i.am
43%
1999/Little red CorvettePrince
42%
Drop it like its hotSnoop Dogg
40%
I cry/WhistleFlo Rida
39%
Writings on the wallSam Smith
39%
Don't wake me up/LoyalChris Brown
37%
Grace Kelly/LollipopMIKA
37%
Bonfire heart/You're beautifulJames Blunt
35%
Like glue/It wasn't meShaggy
34%
Can't hold us/Same loveMacklemore
33%
Another day in paradisePhil Collins
29%
Let me love you/so sickNe-Yo
28%
I'll be missing youP Diddy
27%
Bump n GrindR Kelly
26%
2012/DownJay Sean
22%
Sexy chick/BeautifulAkon
21%
I need a dollar/The manAloe Blacc
20%
Mo money mo problemsBiggie Smalls
20%
Hey yaAndre 3000
19%
Not alone/Drinking from the bottleCalvin Harris
17%
Lullaby/Read all about itProfessor Green
16%
Broken strings/I won't let you goJames Morrison
14%
Break your heart/There she goesTaio Cruz
14%
Wonderman/Pass outTinie Tempah
10%
Say nothing/KickstartsExample
8%
Supernova/Forever YoungMr Hudson
6%
Holiday/Love this townDizzee Rascal
5%
Wearing my Rolex/Can you hear me?Wiley
4%
Liberate/PjanooEric Prydz
3%
You're not alone/Number 1Tinchy Stryder
3%
I got u/Need u 100%Duke Dumont
2%
So good to me/If u got itChris Malinchak
1%
Hot right now/GravityDJ Fresh
1%
Let me go/I needMaverick Sabre
1%

Score Distribution

Percentile by Number Answered

Percent of People with Each Score

Your Score History

You have not taken this quiz since the last reset